000 00334nam a22001337a 4500
999 _c11197
_d11197
003 OSt
008 220511b ||||| |||| 00| 0 eng d
020 _a9789390727490
100 _aSARANGI,Smruti Ranjan
245 _aAdvanced Computer Architecture
260 _aNew Delhi
_bTata Mcgraw Hill
_c2021
300 _aMisc
942 _2ddc
_cBK